000
00245nam a22001217a 4500
999
_c
533633
_d
533633
020
_a
1843796104
040
_c
dlc
082
_a
843.912
100
_a
Marcel Proust
_9
27589
245
_a
The Guermantes Way
300
_a
621p
942
_2
ddc
_c
BK